000
00208nam a22000857a 4500
008
170601b xxu||||| |||| 00| 0 eng d
100
_9
3200
_a
Berry. N
245
_a
The Story of Time
260
_a
New Delhi
_b
CBT
_c
2001
999
_c
6512
_d
6512